| 000 | 00000nam##2200000za#4500 |
| 001 | 9.607958 |
| 003 | CaOODSP |
| 005 | 20210624213402 |
| 007 | cr ||||||||||| |
| 008 | 150406|2003||||xxc|||||o f|0| 0 fre|d |
| 040 | |aCaOODSP|bfre |
| 043 | |an-cn--- |
| 086 | 1 |aNH18-22/103-124F-PDF |
| 110 | 2 |aSociété canadienne d'hypothèques et de logement. |
| 245 | 10|aLes fenêtres et leur étanchéité à l'eau : |h[ressource électronique]|bétude portant sur la fabrication, la construction et la conception de l’interface, ainsi que sur la pose et l’entretien |
| 250 | |aRévision 2005, 2010 |
| 260 | |aOttawa - Ontario : |bSociété canadienne d'hypothèques et de logement |cc2003, 2005, 2010. |
| 300 | |a6p.|bfigures en couleur, références, tableau |
| 490 | 1 |aLe point en recherche. Série technique|v03-124 |
| 500 | |aFichier reproduit à partir de l'original imprimé. |
| 590 | |a14-19-Supp|b2014-11-03 |
| 775 | 08|tWater penetration resistance of windows : |w(CaOODSP)9.581097 |
| 830 | #0|aLe point en recherche. Série technique ;|v03-124|w(CaOODSP)9.501067 |
| 856 | 40|ahttp://publications.gc.ca|qPDF|s330 Ko|uhttps://publications.gc.ca/collections/collection_2014/schl-cmhc/NH18-22-103-124-fra.pdf|y03-124 |